Исследования по химии и технологии удобрений, пестицидов, солей: сборник статей

Бібліографічні деталі
Співавтори: Академия Наук СССР, Отделение биохимии, биофизики и химии физиологически активных соединений
Інші автори: Борисов В. М. (редактор)
Резюме:К 70-летию акад. С. И. Вольфковича
Мова:Російська
Опубліковано: Москва, Наука, 1966
Предмети:
Формат: Книга
KOHA link:https://koha.lib.tpu.ru/cgi-bin/koha/opac-detail.pl?biblionumber=101322

MARC

LEADER 00000nam0a2200000 4500
001 101322
005 20231031112604.0
035 |a (RuTPU)RU\TPU\book\109195 
090 |a 101322 
100 |a 20060909d1966 k y0rusy50 ca 
101 0 |a rus 
102 |a RU 
105 |a a z 001zy 
200 1 |a Исследования по химии и технологии удобрений, пестицидов, солей  |e сборник статей  |f Академия Наук СССР, Отделение биохимии, биофизики и химии физиологически активных соединений; под ред. В. М. Борисова 
210 |a Москва  |c Наука  |d 1966 
215 |a 362 с.  |c ил. 
300 |a К 70-летию акад. С. И. Вольфковича 
320 |a Библиография в конце статей 
610 1 |a химия 
610 1 |a удобрения 
610 1 |a пестициды 
610 1 |a соли 
610 1 |a сельское хозяйство 
610 1 |a химизация 
610 1 |a сборники 
610 1 |a минеральное сырье 
675 |a 661  |v 3 
702 1 |a Борисов  |b В. М.  |4 340 
712 0 2 |a Академия Наук СССР  |2 stltpush  |3 (RuTPU)RU\TPU\col\722 
712 0 2 |a Отделение биохимии, биофизики и химии физиологически активных соединений 
801 1 |a RU  |b 63413507  |c 20060909  |g PSBO 
801 2 |a RU  |b 63413507  |c 20160407  |g PSBO 
942 |c BK